[Event "Commonwealth-ch"]
[Site "Chennai"]
[Date "2012.11.25"]
[Round "4"]
[White "Salini, R."]
[Black "Soumya, Swaminathan"]
[Result "0-1"]
[WhiteElo "1858"]
[BlackElo "2251"]
[PlyCount "60"]
[EventDate "2012.11.23"]
[EventType "swiss"]
[EventRounds "11"]
[EventCountry "IND"]
[SourceTitle "CBM 151 Extra"]
[Source "ChessBase"]
[SourceDate "2012.12.18"]
[SourceVersion "1"]
[SourceVersionDate "2012.12.18"]
[SourceQuality "1"]

1. d4 Nf6 2. Nf3 c5 3. e3 g6 4. Bd3 Bg7 5. 0-0 b6 6. Qe2 Nc6 7. Ba6 0-0 8. Bxc8 Rxc8 9. c4 cxd4 10. exd4 d5 11. cxd5 Nxd5 12. Be3 Nxe3 13. fxe3 e5 14. Rd1 exd4 15. exd4 Nxd4 16. Nxd4 Qxd4+ 17. Kh1 Qxb2 18. Nd2 Rcd8 19. Qe3 Rxd2 20. Qxd2 Qxd2 21. Rxd2 Bxa1 22. Rd7 Re8 23. Kg1 a5 24. Kf1 Re6 25. Rd8+ Kg7 26. Rb8 Rc6 27. h3 Rc1+ 28. Ke2 Rc2+ 29. Kf3 Bd4 30. a4 Rc3+ 0-1

[Event "Wch U20 Girls 29th"]
[Site "Chennai"]
[Date "2011.08.11"]
[Round "9"]
[White "Saric, Zrinka"]
[Black "Salini, R."]
[Result "1/2-1/2"]
[WhiteElo "2116"]
[BlackElo "1795"]
[PlyCount "109"]
[EventDate "2011.08.02"]
[EventType "swiss"]
[EventRounds "13"]
[EventCountry "IND"]
[SourceTitle "CBM 143 Extra"]
[Source "ChessBase"]
[SourceDate "2011.08.29"]
[SourceVersion "1"]
[SourceVersionDate "2011.08.29"]
[SourceQuality "1"]

1. e4 g6 2. d4 Bg7 3. Nc3 e6 4. h4 d5 5. Nf3 dxe4 6. Nxe4 Nf6 7. Nxf6+ Bxf6 8. Be3 h5 9. Qd2 c5 10. 0-0-0 cxd4 11. Nxd4 0-0 12. Nb5 Nc6 13. Qxd8 Rxd8 14. Rxd8+ Bxd8 15. Nd6 Be7 16. Nxc8 Rxc8 17. a3 e5 18. Bd3 Nd4 19. Kb1 b6 20. g3 f5 21. Rd1 Bf6 22. Ba6 Rc7 23. c3 Nb3 24. Bb5 Nc5 25. Rd6 Kf7 26. Rc6 Rxc6 27. Bxc6 Ke7 28. Kc2 e4 29. Bb5 Ne6 30. b4 f4 31. gxf4 Bxh4 32. Bc6 g5 33. f5 Nf4 34. Bxe4 Nh3 35. f3 Bf2 36. Bd2 Nf4 37. Kd1 h4 38. Bxf4 gxf4 39. Ke2 Be3 40. Kf1 Kf6 41. Bd5 h3 42. Be6 Kg5 43. Bd7 Bc1 44. f6 Kxf6 45. Bxh3 Bxa3 46. Ke2 Ke5 47. Kd2 a5 48. bxa5 bxa5 49. Kc2 Kd5 50. Bf1 Bc5 51. Kb3 Bb6 52. Ka4 Kc5 53. Be2 Bc7 54. Bf1 Bb6 55. Be2 1/2-1/2

[Event "Wch U20 Girls 29th"]
[Site "Chennai"]
[Date "2011.08.06"]
[Round "5"]
[White "Mejia Salinas, Lluvia Angelica"]
[Black "Salini, R."]
[Result "0-1"]
[WhiteElo "1889"]
[BlackElo "1795"]
[PlyCount "68"]
[EventDate "2011.08.02"]
[EventType "swiss"]
[EventRounds "13"]
[EventCountry "IND"]
[SourceTitle "CBM 143 Extra"]
[Source "ChessBase"]
[SourceDate "2011.08.29"]
[SourceVersion "1"]
[SourceVersionDate "2011.08.29"]
[SourceQuality "1"]

1. e4 g6 2. d4 Bg7 3. Nc3 e6 4. Be3 Ne7 5. Qd2 d5 6. Bd3 0-0 7. Nf3 c5 8. Rd1 Nbc6 9. Be2 e5 10. exd5 Nxd4 11. Bh6 f6 12. Bxg7 Kxg7 13. Bc4 Bg4 14. Nxd4 cxd4 15. Ne2 Rc8 16. Bb3 Nxd5 17. c3 Bxe2 18. Qxe2 Ne7 19. cxd4 exd4 20. 0-0 Qd6 21. Rd3 Nc6 22. Rfd1 Rfe8 23. Qd2 Re7 24. Ba4 Rce8 25. Bxc6 bxc6 26. Rh3 Qf4 27. g3 Qf3 28. Rf1 c5 29. Qh6+ Kg8 30. Rh4 g5 31. Rh5 d3 32. h4 d2 33. hxg5 d1Q 34. Rxd1 Re1+ 0-1

[Event "IND-chB (Women) 38th"]
[Site "Chennai"]
[Date "2011.07.07"]
[Round "8"]
[White "Shiny, Das"]
[Black "Salini, R."]
[Result "1/2-1/2"]
[WhiteElo "1670"]
[BlackElo "1795"]
[PlyCount "69"]
[EventDate "2011.07.02"]
[EventType "swiss"]
[EventRounds "11"]
[EventCountry "IND"]
[SourceTitle "CBM 143 Extra"]
[Source "ChessBase"]
[SourceDate "2011.08.29"]
[SourceVersion "1"]
[SourceVersionDate "2011.08.29"]
[SourceQuality "1"]

1. e4 g6 2. d4 Bg7 3. Nc3 e6 4. Be3 Ne7 5. Qd2 d5 6. Nf3 0-0 7. exd5 exd5 8. 0-0-0 c6 9. Bh6 Nd7 10. h4 Nf6 11. Bxg7 Kxg7 12. Bd3 h5 13. Qf4 Bf5 14. Ne5 Rh8 15. f3 Nd7 16. Nxf7 Kxf7 17. g4 Qb8 18. Qxb8 Raxb8 19. gxf5 Nxf5 20. Bxf5 gxf5 21. Rhg1 Rbg8 22. Ne2 Nf8 23. Nf4 Ne6 24. Nxe6 Kxe6 25. Kd2 f4 26. Rde1+ Kf6 27. Ke2 Rxg1 28. Rxg1 Rh7 29. Rg5 Rg7 30. Rxg7 Kxg7 31. Kd3 Kf6 32. b4 b5 33. c3 a6 34. a3 Kf5 35. Ke2 1/2-1/2

[Event "IND-ch U19 Girls 25th"]
[Site "Puri"]
[Date "2010.10.01"]
[Round "1"]
[White "Salini, R."]
[Black "Padmini, Rout"]
[Result "0-1"]
[WhiteElo "1707"]
[BlackElo "2326"]
[PlyCount "60"]
[EventDate "2010.10.01"]
[EventType "tourn"]
[EventRounds "11"]
[EventCountry "IND"]
[SourceTitle "CBM 138 Extra"]
[Source "ChessBase"]
[SourceDate "2010.10.29"]
[SourceVersion "1"]
[SourceVersionDate "2010.10.29"]
[SourceQuality "1"]

1. g3 d5 2. Bg2 e5 3. e3 Nf6 4. Ne2 Bd6 5. d4 e4 6. c4 c6 7. Nbc3 0-0 8. Bd2 Re8 9. cxd5 cxd5 10. Qb3 Nc6 11. Nxd5 Nxd5 12. Qxd5 Nb4 13. Qb3 Be6 14. Qd1 Nd3+ 15. Kf1 Bc4 16. Qa4 b5 17. Qc2 Qf6 18. Be1 Bb4 19. Nc3 Bxc3 20. Qxc3 Nxf2+ 21. Kg1 Nxh1 22. Kxh1 Bf1 23. Bd2 Bxg2+ 24. Kxg2 Rec8 25. Qb3 Qf3+ 26. Kg1 Qe2 27. Rd1 a5 28. a4 bxa4 29. Qxa4 Rc4 30. Qb3 a4 0-1

[Event "IND-ch U15 Girls"]
[Site "New Delhi"]
[Date "2010.09.10"]
[Round "9"]
[White "Salini, R."]
[Black "Isha, Bhave"]
[Result "0-1"]
[WhiteElo "1707"]
[BlackElo "1589"]
[PlyCount "78"]
[EventDate "2010.09.04"]
[EventType "swiss"]
[EventRounds "11"]
[EventCountry "IND"]
[SourceTitle "CBM 138 Extra"]
[Source "ChessBase"]
[SourceDate "2010.10.29"]
[SourceVersion "1"]
[SourceVersionDate "2010.10.29"]
[SourceQuality "1"]

1. g3 e5 2. Bg2 d5 3. e3 Nf6 4. Ne2 Bd6 5. d4 e4 6. c4 c6 7. Nbc3 0-0 8. Qb3 Re8 9. Bd2 dxc4 10. Qxc4 Bf5 11. 0-0 Nbd7 12. f3 exf3 13. Rxf3 Bg6 14. Nf4 Bxf4 15. Rxf4 Nf8 16. Bh3 Ne6 17. Bxe6 Rxe6 18. Rc1 Qd7 19. Na4 b5 20. Nc5 bxc4 21. Nxd7 Nxd7 22. Rxc4 Nb6 23. Rc1 Nd5 24. Rf2 Nxe3 25. Bxe3 Rxe3 26. Rxc6 Re1+ 27. Rf1 Rxf1+ 28. Kxf1 Kf8 29. Rc7 a6 30. Ke1 Rd8 31. Ra7 Bd3 32. Kd2 Rxd4 33. Kc3 Rd6 34. b4 Bb5 35. a3 Rd3+ 36. Kb2 Bc4 37. g4 Rb3+ 38. Ka2 Rxb4+ 39. Ka1 Rb3 0-1

[Event "IND-ch U15 Girls"]
[Site "New Delhi"]
[Date "2010.09.08"]
[Round "7"]
[White "Salini, R."]
[Black "Saranya, J."]
[Result "0-1"]
[WhiteElo "1707"]
[BlackElo "2121"]
[PlyCount "74"]
[EventDate "2010.09.04"]
[EventType "swiss"]
[EventRounds "11"]
[EventCountry "IND"]
[SourceTitle "CBM 138 Extra"]
[Source "ChessBase"]
[SourceDate "2010.10.29"]
[SourceVersion "1"]
[SourceVersionDate "2010.10.29"]
[SourceQuality "1"]

1. g3 g6 2. Bg2 Bg7 3. e3 d6 4. Ne2 e5 5. d4 Nc6 6. c4 Nf6 7. Nbc3 0-0 8. 0-0 Nd7 9. d5 Ne7 10. e4 f5 11. f4 Kh8 12. Kh1 a6 13. Be3 Nf6 14. Qd2 Ng4 15. Bg1 Bd7 16. b4 fxe4 17. Bxe4 Nf5 18. Rad1 Qe7 19. Bf3 Nf6 20. fxe5 dxe5 21. Ne4 Nxe4 22. Bxe4 Nd6 23. Rxf8+ Rxf8 24. Bc5 Bg4 25. Bg2 b6 26. Bxd6 Qxd6 27. Rf1 Bxe2 28. Rxf8+ Qxf8 29. Qxe2 Qxb4 30. Bh3 Qb1+ 31. Kg2 e4 32. Bc8 a5 33. Qf2 h5 34. Be6 Kh7 35. g4 Qd1 36. Qf1 Qd2+ 37. Qf2 e3 0-1

[Event "IND-chB (Women)"]
[Site "Shilpgram"]
[Date "2010.08.22"]
[Round "3"]
[White "Salini, R."]
[Black "Pratyusha, Bodda"]
[Result "0-1"]
[WhiteElo "1701"]
[BlackElo "2073"]
[PlyCount "44"]
[EventDate "2010.08.20"]
[EventType "swiss"]
[EventRounds "11"]
[EventCountry "IND"]
[SourceTitle "CBM 138 Extra"]
[Source "ChessBase"]
[SourceDate "2010.10.29"]
[SourceVersion "1"]
[SourceVersionDate "2010.10.29"]
[SourceQuality "1"]

1. g3 e5 2. Bg2 d5 3. e3 Nc6 4. Ne2 h5 5. d4 Nf6 6. dxe5 Nxe5 7. Nbc3 c6 8. e4 Bg4 9. exd5 cxd5 10. h3 Bf3 11. Kf1 Bxg2+ 12. Kxg2 Bc5 13. Nf4 Qd6 14. Nfxd5 0-0-0 15. Nxf6 Qxf6 16. Qe2 Rhe8 17. Bf4 g5 18. Bxe5 Rxe5 19. Qf3 Rf5 20. Ne4 Rxf3 21. Nxf6 Rxf6 22. Rhf1 Rd2 0-1